Entrega petroeléctrica: John Saxe-Fernández

Guardado en:
書目詳細資料
主要作者: Saxe-Fernández, John
格式: 圖書
語言:Spanish
標簽: 添加標簽
沒有標簽, 成為第一個標記此記錄!

MARC

LEADER 00000nam a22000007a 4500
003 cru CIDCACS/IIS
005 20190118144603.0
007 ta
008 190118s2010 mx |||p|r||||||0| ||spa|d
999 |c 42072  |d 42072 
040 |c cru CIDCACS/IIS 
100 1 |9 8234  |a Saxe-Fernández, John 
245 1 |a Entrega petroeléctrica:   |c robo del futuro de México /  |b John Saxe-Fernández 
300 |a páginas 4-9:  |b fotos 
942 |2 ddc  |c PP 
773 0 |0 42054  |9 2610  |a Centro de Estudios del Movimiento Obrero y Socialista (México)  |d México D.F: CEMOS  |o 17705  |t Memoria =  |x 01861395